000 02185cam a22003494a 4500
001 16977649
003 OSt
005 20170105102908.0
008 110926s2012 nyua b 001 0 eng
010 _a 2011038868
020 _a9780415888424 (hardback : acidfree paper)
020 _a9780203126523 (ebk)
040 _aDLC
_cDLC
_dDLC
042 _apcc
050 0 0 _aHD9502.A2
_bG677 2012
082 0 0 _a333.79
_223
_bGOV 2005
245 0 0 _aGoverning the energy transition :
_breality, illusion or necessity? /
_cedited by Geert Verbong, Derk Loorbach.
260 _aNew York :
_bRoutledge,
_c2012.
300 _avii, 376 p. :
_bill. ;
_c24 cm.
490 0 _aRoutledge studies in sustainability transitions ;
_v4
504 _aIncludes bibliographical references and index.
520 _a"The Energy Transition, the inevitable shift away from cheap, centralized, largely fossil-based energy systems, is one of the core challenges of our time. This book provides a coherent and novel insight into the nature of this challenge and possible strategies to accelerate and guide such transitions. It brings together prominent European scholars and practitioners from the fields of energy transition research and governance to draw attention to the current complex dynamics in the energy domain, and offer elegant and provocative explanations for current crises and lock-ins. They identify multiple energy transition pathways that emerge and increasingly compete, and emphasize the need and possibilities for novel governance. By analysing the complexity of energy transition processes and the difficulties in shifting to sustainable pathways, this text questions the extent to which actually governing energy transitions is already reality, just an illusion, or a bare necessity."--
650 0 _aEnergy consumption.
650 0 _aEnergy industries.
650 0 _aPetroleum industry and trade.
650 0 _aRenewable energy sources.
700 1 _aVerbong, Geert.
700 1 _aLoorbach, Derk,
_d1975-
906 _a7
_bcbc
_corignew
_d1
_eecip
_f20
_gy-gencatlg
942 _2ddc
_cBK
999 _c14976
_d14976